1813 1313 1813 1582 1549 1132 1395 1352 1656 1216 1671 1091 1899 1452 1504 1533 1001 1268 1752 1677 1599 1646 1332 1641 1120 1006 1118 1959 1775 1100 1526 1595 1479 1342 1715 1531 1829 1308 1174 1149 1808 1086 1253 1944 1455 1305 1676 1508 1764 1385 1870 1793 1091 1860 1050 1561 1164 1784 1691 1444 1771 1126 1650 1602 1484 1892 1903 1051 1785 1260 1920 1693 1467 1502 1203 1303 1695 1421 1064 1758 1009 1902 1333 1906 1865 1954 1987 1870 1122 1612 1316 1300 1345 1356 1744 1958 1764 1665 1813 BCNSPRNW ULIB Ver.6.0+V

เปลี่ยนเป็นภาษาไทย

Change to English
 แสดงรายละเอียดบรรณานุกรม
  กลับหน้าหลัก

Brief Record : Get Marc (ISO 2709) : E-mail record : QR code < ปิดหน้าต่าง
LEADER : 00000nam 2200000uu 4500
001    13399119995
003     ULIB
008    120821s2555||||th 000 0 tha d
020    ^a9786162790287
060 04 ^aWM100^bม456จ
245 00 ^aจิตเวชศาสตร์รามาธิบดี /^cมาโนช หล่อตระกูล, ปราโมทย์ สุคนิชย์, บรรณาธิการ
246 30 ^aจิตเวชศาสตร์ รามาธิบดี
250    ^aพิมพ์ครั้งที่ 3 (เรียบเรียงใหม่)
260    ^aกรุงเทพฯ :^bภาควิชาจิตเวชศาสตร์คณะแพทยศาสตร์โรงพยาบาลรามาธิบดี มหาวิทยาลัยมหิดล,^c2555
300    ^axii, 556 หน้า. :^bตาราง, ภาพประกอบ
505 0  ^a^tพัฒนาการทางจิตใจ - -^tแนวคิดการเกิดโรคทางจิตเวช - -^tทฤษฎีจิตวิเคราะห์ - -^tการสัมภาษณ์และการตรวจทางจิตเวช - -^tการทดสอบทางจิตวิทยา - -^tอาการและอาการแสดงทางจิตเวช - -^tการจำแนกโรคและการวินิจฉัยโรคทางจิตเวช - -^tDelirium - -^tโรคสมองเสื่อม - -^tปัญหาจากการใช้สารเสพติด - -^tโรคจิตเภทและโรคจิตอื่นๆ - -^tโรคอารมณ์ผิดปกติ - -^tโรควิตกกังวล - -^tSomatoform disorders - -Dissociative disorders และ Factitious disorders - -ความผิดปกติทางเพศ - -^tปัญหาการนอนหลับ - -^tImpulse control disorders - -^tการปรับตัวผิดปกติ - -^tบุคลิกภาพผิดปกติ - -^tปัจจัยทางจิตใจที่มีผลต่อภาวะความเจ็บป่วยทางกาย - -^tอาการทางกายที่ไม่ทราบสาเหตุในเวชปฏิบัติ - -^tจิตเวชฉุกเฉิน - -^tปัญหาทางจิตเวชในผู้ป่วยทางกาย - -^tการดูแลผู้ป่วยระยะสุดท้ายและการสูญเสีย - -^tทักษะการสื่อสารในเวชปฏิบัติ - -^tการรักษาด้านจิตใจ - -^tการให้คำแนะนำปรึกษา - -^tการใช้ยาและ ECT - -^tการสัมภาษณ์และการตรวจสภาพจิตเด็กและวัยรุ่น - -^tโรคทางจิตเวชของเด็กและวัยรุ่น - -^tโรคบกพร่องด้านการเรียน - -^tTic disorders - -^tEating disorder - -^tAttention-deficit/hyperactivity และ Disruptive behavior disorder - -^tPervasive developmental disorder - -^tนิติจิตเวชศาสตร์ - -^tสุขภาพจิตและระบบบริการสุขภาพจิตในประเทศไทย
650  7 ^aจิตเวชศาสตร์
650  7 ^aจิตวิทยาวัยรุ่น
650  7 ^aจิตวิทยาเด็ก
650  7 ^aสุขภาพจิต
700 0  ^aมาโนช หล่อตระกูล,^eบรรณาธิการ
700 0  ^aปราโมทย์ สุคนิชย์,^eบรรณาธิการ
710 2  ^aมหาวิทยาลัยมหิดล. ^bคณะแพทยศาสตร์โรงพยาบาลรามาธิบดี.^bภาควิชาจิตเวชศาสต
945    ^p350^l0^i19288
945    ^p350^l0^i19289
945    ^p350^l0^i19290
945    ^p350^l0^i19631
995    ^aเกษร
999    ^aใช้งานได้ทุกระบบ
รายการนี้ยังไม่มีแท็ก
คุณยังไม่ได้ล็อกอิน คุณสามารถมีกิจกรรมร่วมกับเว็บไซต์ได้ แต่ต้องล็อกอินก่อน ::
  ล็อกอิน

รายการสื่อสารสนเทศ

ลำดับที่ ประเภท เลขเรียก/บาร์โค้ด สถานที่ สถานะ
1. วิทยาศาสตร์การแพทย์ และสุขภาพ
วิทยาศาสตร์การแพทย์ และสุขภาพ
สถานะ=หนังสือเก่า
WM100 ม456จ ฉ.1 
  Barcode: 19288
ห้องสมุดวิทยาเขตนครสวรรค์
►ส่วนจัดเก็บหนังสือเก่า นว.
บนชั้น
  ขอยืม
2. วิทยาศาสตร์การแพทย์ และสุขภาพ
วิทยาศาสตร์การแพทย์ และสุขภาพ
WM100 ม456จ ฉ.2 
  Barcode: 19289
ห้องสมุดวิทยาเขตนครสวรรค์
►ส่วนจัดเก็บหนังสือเก่า นว.
บนชั้น
  ขอยืม
3. วิทยาศาสตร์การแพทย์ และสุขภาพ
วิทยาศาสตร์การแพทย์ และสุขภาพ
WM100 ม456จ ฉ.3 
  Barcode: 19290
ห้องสมุดวิทยาเขตนครสวรรค์
►ส่วนจัดเก็บหนังสือเก่า นว.
บนชั้น
  ขอยืม
4. วิทยาศาสตร์การแพทย์ และสุขภาพ
วิทยาศาสตร์การแพทย์ และสุขภาพ
WM100 ม456จ ฉ.4 
  Barcode: 19631
ห้องสมุดวิทยาเขตนครสวรรค์
►ส่วนจัดเก็บหนังสือเก่า นว.
บนชั้น
  ขอยืม

รายการใกล้เคียง
    หัวเรื่อง [จิตเวชศาสตร์]
    หัวเรื่อง [จิตวิทยาวัยรุ่น]
    หัวเรื่อง [จิตวิทยาเด็ก]
    หัวเรื่อง [สุขภาพจิต]

BibComment


ยังไม่เคยถูกคอมเมนท์

คอมเมนท์ทรัพยากรรายการนี้
  คอมเมนท์: จิตเวชศาสตร์รามา..


 Copyright 2026. Bcnsprnw @Library